000 00236nam a22000857a 4500
008 160624b xxu||||| |||| 00| 0 eng d
100 _91070
_aPaterson, R
245 _aThe Continuing Heartery for China
260 _aENG
_bSovereign World Ltd
_c1999
999 _c856
_d856